Statystyki dla 15 krajów o największej liczbie zgonów Covid19 - 29 czerwca

Kliknij tutaj aby rozwiązać quiz!

Ogólne statystyki

  • Ten quiz został rozwiązany 26 razy
  • Średni wynik to 12 z 20

Statystyki odpowiedzi

kraj% Poprawnych
Stany Zjednoczone
96%
Włochy
88%
Niemcy
84%
Rosja
84%
Brazylia
76%
Francja
76%
Hiszpania
76%
Indie
76%
Kanada
76%
Meksyk
72%
Wielka Brytania
72%
Szwecja
48%
Holandia
40%
Iran
40%
Belgia
36%
Irlandia
36%
Peru
32%
Chile
28%
Szwajcaria
24%
Ekwador
16%

Rozkład punktacji

Percentyl według liczby udzielonych odpowiedzi

Procent ludzi z każdym wynikiem

Twoja historia wyników

Nie rozwiązałeś tego quizu